000 01069nam a2200229Ia 4500
001 9992
003 GE_BSU
008 181216s||||||||xx |||||||||||||| ||und||
040 _cGE_BSU
080 _a821.353.1–13
100 _aრუსთაველი,შოთა
245 _aვეფხისტყაოსანი.ტ.1 ტექსტი და ვარიანტები.
245 _bპოემა. ტექსტი ძირით.ვარიანტ.,კომენტარებით და ლექსიკონებითურთ ორ ტომად
245 _cმ თ.რედ,ა.შანიძე.ვარიანტები შეადგინა ც. კარბელაშვილმაა.შანიძის და ა. ბარამიძის რედ.
260 _aთბილისი
260 _bმეცნიერება
260 _c1966
300 _a535გვ.26სმ.
653 _aვეფხისტყაოსანი
653 _aპოემა
942 _cBK
999 _c43265
_d43265